Хомер (Запис номер 343192)
[ съкратено ]
| 000 -Лидер | |
|---|---|
| Контролно поле с фиксирана дължина | 00917nam a2200289 c 4500 |
| 003 - Код на организацията, давaща контролен номер | |
| Контролно поле | BLK |
| 005 - Дата и час на последна редакция | |
| Контролно поле | 20210622185551.0 |
| 008 - Елементи от данни с фиксирана дължина | |
| fixed length control field | 180911b bul|||||r ||||||| ||bul|| |
| 010 ## - Наследен системен номер | |
| LC control number | 002853 |
| 040 ## - Източник на каталожния запис | |
| Идентификатор на билиотеката - собственик на записа | BLK |
| 041 ## - Код за език | |
| Код за езика на текст/звукозапис или на отделно заглавие | Български |
| Код за езика КДБФ | Български |
| 080 ## - УДК | |
| Текстов определител УДК | Омир |
| УДК определител | 92 |
| УДК - код + определител | 875.09875(092)92 |
| 100 1# - Редна дума - Автор | |
| Автор | ЩОЛ, Х. |
| Авторска отговорност | първи автор |
| R(LIN) | 458546 |
| 245 00 - Сведения за заглавието | |
| Заглавие | Хомер |
| 260 ## - Област на издателските данни | |
| Място на издаване, разпространение и проч. | София |
| Име на издателя, разпространителя и проч. | печ. Арм. воен.-изд. фонд |
| Година на издаване | 1925 |
| 300 ## - Физическа характеристика | |
| Страници | 64 с |
| Размери/Мащаб | 12 см |
| 380 ## - Жанр | |
| Жанр | Литературознание |
| 490 ## - СЕРИИ (Колекции) | |
| Име на серия | Малка енциклопед. библ |
| 490 ## - СЕРИИ (Колекции) | |
| Име на серия | Частна колекция - Академик Михаил Арнаудов |
| Бележки за серията | Дарение - Основен фонд |
| 650 ## - Допълнително описание по предмет – тема | |
| Основно описание – тема или топоним | Биографии |
| 9 (RLIN) | 458547 |
| 650 ## - Допълнително описание по предмет – тема | |
| Основно описание – тема или топоним | Писатели |
| 9 (RLIN) | 166332 |
| 655 ## - Ключова дума – жанр/разновидност | |
| Данни за жанр/разновидност или ключова дума за фокус | Литературознание |
| 700 1# - Други автори (авторска отговорност) | |
| Лично име | Х. В. Щол |
| 9 (RLIN) | 458548 |
| 700 1# - Други автори (авторска отговорност) | |
| Лично име | Ст. Илчев |
| Автороска отговорност (Описва отношението между автора и произведението) | Прев. |
| 9 (RLIN) | 458549 |
| 852 ## - Местоположение | |
| Форматна сигнатура | МА 1362 |
| 852 ## - Местоположение | |
| Форматна сигнатура | Цб 8.120.5905 |
| Фондова буква | Основен фонд - ползва се само за читалня |
| 999 ## - СИСТЕМНИ КОНТРОЛНИ НОМЕРА | |
| Koha biblionumber | 343192 |
| Koha biblioitemnumber | 343192 |
| 942 ## - АРТИКУЛИ | |
| Вид на библиотечния материал | Книги |
| Скрит в OPAC | Не |
| Периодичен библиозапис | Да |
| 944 ## - СЪЗДАВАНЕ И РЕДАКЦИЯ на ЗАПИСА | |
| Създаване/Редакция | Създаване |
| Дата на регистрацията/редакция | 1996 |
| Служител, извършил регистрацията/редакцията | ValK |
| 944 ## - СЪЗДАВАНЕ И РЕДАКЦИЯ на ЗАПИСА | |
| Създаване/Редакция | Редакция |
| Дата на регистрацията/редакция | 2021-06-22 |
| Служител, извършил регистрацията/редакцията | ВП |
| 999 ## - СИСТЕМНИ КОНТРОЛНИ НОМЕРА | |
| Koha biblioitemnumber | 343192 |
| Код за отписване | Код за изгубен артикул | Източник на класификационната схема | Код за повреда | Коз за рестрикции | Код за отдаване | Артикулен № | Име на библиотеката - собственик | Име на библиотеката, в която се намира в момента | Статус (Текущо местоположение) | Местоположение - отдел | Цена в лева | Номерация (Хронология) | Инвентарен номер | Систематично азбучна сигнатура | Баркод | Номер на екземпляра | Цена в евро | Служебен тип на артикула | Дата на вписване в системата |
|---|---|---|---|---|---|---|---|---|---|---|---|---|---|---|---|---|---|---|---|
| Не е изгубен | Universal Decimal Classification | Не е повреден | без рестрикции | Специални фондове ( старопечатни, редки и ценни, фонд М. Арнаудов) | 743366 | Регионална библиотека "Любен Каравелов" Русе | Регионална библиотека "Любен Каравелов" Русе | Фонд "Михаил Арнаудов" | Фонд "Михаил Арнаудов" | 5.00 | 588743 | МА 1362 | 120000588743 | 1 | 2.56 | Книги | |||
| Не е изгубен | Universal Decimal Classification | Не е повреден | само за читалня | ползва се в читалня | 839540 | Регионална библиотека "Любен Каравелов" Русе | Регионална библиотека "Любен Каравелов" Русе | Хранилище | Основен фонд - ползва се само за читалня | 0.05 | 5905 | Цб 8.120.5905 | 900000065335 | 0.03 | Книги | 2021-06-28 |